|
|
|
|
| LEADER |
00000cam a2200000 a 4500 |
| 001 |
vtls001316631 |
| 003 |
SK-MaSNL |
| 005 |
20260301200134.0 |
| 008 |
250311s1964 xo grn 000 0 slo |
| 015 |
|
|
|a SNBA1964
|
| 020 |
|
|
|q (viazané)
|
| 035 |
|
|
|a SNK000269142
|
| 035 |
|
|
|a B14FA180-1CEE-43B1-AA5E-A1C6A178D104
|
| 035 |
|
|
|a urn:nbn:sk:snk-am00ifol
|
| 040 |
|
|
|a SNK
|b slo
|c SNK
|e AACR2
|
| 041 |
0 |
|
|a slo
|
| 043 |
|
|
|a e-xo---
|
| 044 |
|
|
|a xo
|c SK
|
| 072 |
|
7 |
|a 94(437.6)
|x Dejiny Slovenska
|2 konspekt
|
| 080 |
|
|
|a 622
|2 2011
|
| 080 |
|
|
|a 911.375(091)
|2 2011
|
| 080 |
|
|
|a (048.8)
|2 2011
|
| 080 |
|
|
|a 94(437.6)
|2 2011
|
| 100 |
1 |
|
|a Križko, Pavol,
|d 1841-1902
|4 aut
|9 197805
|
| 245 |
1 |
0 |
|a Z dejín banských miest na Slovensku
|c Pavel Križko ; na vydanie pripravila Darina Lehotská
|
| 250 |
|
|
|a 1. vydanie
|
| 260 |
|
|
|a Bratislava
|b Slovenská akadémia vied
|c 1964
|
| 300 |
|
|
|a 353 strán
|c 21 cm
|
| 504 |
|
|
|a Obsahuje bibliografické odkazy
|
| 650 |
0 |
7 |
|a baníctvo
|2 SNKPH
|9 3571
|
| 650 |
0 |
7 |
|a dejiny miest
|2 SNKPH
|9 164833
|
| 650 |
0 |
7 |
|a Mining
|2 SNKPHeng
|9 266354
|
| 650 |
0 |
7 |
|a History of cities and towns
|2 SNKPHeng
|9 267901
|
| 651 |
|
7 |
|a Slovensko
|x dejiny
|2 SNKPHgeo
|9 13278
|
| 651 |
|
7 |
|a Slovakia
|x history
|2 SNKPHeng
|9 266841
|
| 655 |
|
7 |
|a monografie
|2 SNKPH
|9 70139
|
| 655 |
|
7 |
|a Monographs
|2 SNKPHeng
|9 120675
|
| 700 |
1 |
|
|a Lehotská, Darina,
|d 1922-1990
|4 com
|9 190096
|
| 852 |
|
|
|a Slovenská národná knižnica
|
| 954 |
|
|
|a odborná, vedecká literatúra pôvodná (slovenská)
|2 lita
|
| 958 |
|
|
|a NB
|
| 999 |
|
|
|c 889124
|d 891054
|
| 952 |
|
|
|a SNK
|b SNK
|y VYP
|7 0
|p 17A0117600
|o snkSC 19076 D1
|0 0
|1 0
|4 0
|d 1998-01-16
|l 0
|r 2005-01-02 00:00:00
|w 2026-02-24
|
| 952 |
|
|
|a SNK
|b SNK
|y PREZ
|7 0
|p 17A0427072
|o snkSC 19076
|i snkKSP 3711/64
|0 0
|1 0
|4 0
|d 2004-05-18
|f 1
|l 0
|r 2025-07-25 00:00:00
|w 2026-02-24
|